000 00438nam a2200169Ia 4500
008 221030s9999 xx 000 0 und d
020 _a8120308417
041 _aEnglish
082 _a105.23
_bYeg
100 _aC. T. Horngren
245 0 _aIntroduction To Management Accounting
_cby C. T. Horngren, G. L Sundem
260 _bPHI
_aNew Delhi
_c2001
300 _a461
650 _aBE Management
700 _aG. L Sundem
942 _cBK
999 _c3220
_d3220